000 01335nam a2200337Ia 4500
001 ebr10279362
003 CaPaEBR
006 m o u
007 cr cn|||||||||
008 140723s1987 nyua sb 001 0 eng d
010 _z 87001712
020 _z019503998X (alk. paper)
020 _z9780195039986
020 _z9780195345377 (ebook)
040 _aCaPaEBR
_cCaPaEBR
035 _a(OCoLC)252541022
050 1 4 _aJX4137
_b.W47 1987eb
100 1 _aWesterman, Gayl S.
_q(Gayl Shaw)
245 1 4 _aThe juridical bay
_h[electronic resource] /
_cGayl S. Westerman.
260 _aNew York :
_bOxford University Press ;
_aOxford [Oxfordshire] :
_bClarendon Press,
_cc1987.
300 _axii, 290 p. :
_bill.
490 1 _aOxford monographs in international law
504 _aIncludes bibliographical references and indexes.
533 _aElectronic reproduction.
_bPalo Alto, Calif. :
_cebrary,
_d2015.
_nAvailable via World Wide Web.
_nAccess may be limited to ebrary affiliated libraries.
650 0 _aBays (International law)
650 0 _aLaw of the sea.
655 7 _aElectronic books.
_2local
710 2 _aebrary, Inc.
830 0 _aOxford monographs in international law.
856 4 0 _uhttp://site.ebrary.com/lib/rucke/Doc?id=10279362
_zAn electronic book accessible through the World Wide Web; click to view
999 _c3920
_d3920